000 00206nam a2200097Ia 4500
008 190216s9999||||xx |||||||||||||| ||und||
100 _aRadhakrishnan C
245 0 _aVeshangal
260 _bNull
942 _cBK
999 _c24641
_d24641